| 000 | 00739cam a22002532 4500 | ||
|---|---|---|---|
| 999 |
_c18894 _d18894 |
||
| 001 | 0000001637 | ||
| 003 | OSt | ||
| 005 | 20210419133638.0 | ||
| 008 | 070320s xx 000 0 eng d | ||
| 020 | _a1305506383 | ||
| 040 |
_aKABU _cKABU |
||
| 050 | 0 |
_aHD30.22 _b.M33 2017 c.1 |
|
| 100 | 1 | _aMcGuigan, James R. | |
| 245 | 1 | 0 |
_aManagerial economics : _bapplications, strategy and tactics / _cJames R. McGuigan |
| 250 | _a14th ed. | ||
| 260 |
_aMason, Ohio : _bSouth-Western, _c2017 |
||
| 300 | _a3 vol (various pagings) | ||
| 650 | 0 | _aManagerial economics. | |
| 700 | 1 | _aMoyer, R. Charles. | |
| 700 | 1 | _aHarris, Fredic H. deB. | |
| 908 | _a070320 | ||
| 942 |
_2lcc _cBK |
||